ZÁCHRANNÝ VÝSKUM POHREBISKA Z 10. STOROČIA V BEŠEŇOVE

Bibliographic Details
Main Author: Nevizánsky, Gabriel, 1949- (Author)
Format: Article
Language:Slovak

MARC

LEADER 00000nab a2200000 a 4500
001 vtls010714323
003 SK-MaSNL
005 20260304185651.0
008 250709s1975 xo |||||||||||||||||slo|
035 |a (urnnbn)urn:nbn:sk:snk:ar-a04dc4 
035 |a (uuid)3a172518-991f-4500-8687-ea96a8c08d67 
035 |a urn:nbn:sk:snk-ab3gt8 
040 |a SNKBUCL  |b slo  |c SNKBUCL  |e AACR2 
041 0 |a slo 
044 |a xo  |c SK 
100 1 |a Nevizánsky, Gabriel,  |d 1949-  |4 aut  |9 102642 
245 1 0 |a ZÁCHRANNÝ VÝSKUM POHREBISKA Z 10. STOROČIA V BEŠEŇOVE  |c Gabriel Nevizánsky 
773 0 |t Archeologické výskumy a nálezy na Slovensku v roku ...  |g Roč. 1, č. 1 (1975), s. 68-69 
850 |a Slovenská národná knižnica 
852 |a Slovenská národná knižnica 
954 |a odborná, vedecká literatúra pôvodná (slovenská)  |2 lita 
958 |a article1 
958 |a OND 
958 |a EUIPO 
999 |c 3045232  |d 3047162